Statistics for Top 10 U.S. States by Wind Power

Click here to take the quiz!

General Stats

  • This quiz has been taken 26 times
  • The average score is 7 of 10

Answer Stats

MegawattsState% Correct
5,885California
92%
24,899Texas
88%
3,706Colorado
80%
5,653Kansas
76%
3,213Oregon
72%
8,072Oklahoma
68%
8,422Iowa
64%
3,779Minnesota
64%
4,861Illinois
56%
3,155North Dakota
52%

Score Distribution

Percentile by Number Answered

Percent of People with Each Score

Your Score History

You have not taken this quiz